| 000 | 00693nam a2200181 i 4500 | ||
|---|---|---|---|
| 001 | 151981 | ||
| 003 | ES-MaACL | ||
| 005 | 20230906204457.0 | ||
| 008 | 051006s1879 fr a |||| | fre d | ||
| 040 |
_aCAM _bspa _cCAM |
||
| 100 | 1 |
_aBernard, Louis. _928248 |
|
| 245 | 1 | 0 |
_aChefs-d'oeuvre de peinture au Musée du Louvre _b: École italienne / _cpar Louis Bernard. |
| 260 |
_aParis : _bLibrairie Renouard, _c1879 ( _eCorbeil : _fTyp. et stér. de Crété) |
||
| 300 |
_aXXIV, 230 p. : _bil. ; _c27 cm. |
||
| 610 | 2 | 4 |
_aMusée du Louvre. _95813 |
| 650 | 4 |
_aPintura italiana- _zMusée du Louvre. _9161965 |
|
| 852 |
_aES-MaACL _jF-10159 _z- Enc. tela estampada en negro y oro, con cortes dorados |
||
| 999 |
_c151981 _d151981 |
||